Improving the capacity of the planning system in England and Wales (Record no. 109630)

MARC details
000 -LEADER
fixed length control field 01610cad a22002655a 4500
001 - CONTROL NUMBER
control field E147578
008 - FIXED-LENGTH DATA ELEMENTS--GENERAL INFORMATION
fixed length control field 090526s2009 xxk f 000 0 eng d
020 ## - INTERNATIONAL STANDARD BOOK NUMBER
International Standard Book Number 9781842195048
035 ## - SYSTEM CONTROL NUMBER
System control number (Sirsi) u147578
041 0# - LANGUAGE CODE
Language code of text/sound track or separate title eng
050 04 - LIBRARY OF CONGRESS CALL NUMBER
Classification number 711.1 $2 18
100 1# - MAIN ENTRY--PERSONAL NAME
Personal name Martindale, Katherine
245 00 - TITLE STATEMENT
Title Improving the capacity of the planning system in England and Wales
Remainder of title a view from the regions
260 ## - PUBLICATION, DISTRIBUTION, ETC.
Place of publication, distribution, etc. London
Name of publisher, distributor, etc. RICS
Date of publication, distribution, etc. 2009
490 #0 - SERIES STATEMENT
Series statement RICS Research
505 2# - FORMATTED CONTENTS NOTE
Formatted contents note Executive summary -- Introduction -- Methodology -- Findings from the literature -- Key issues from the round-table discussions: graduate and councillor education; staffing and skills in Local Planning Authorities (LPAs); planning policy and guidance; the planning application process -- Regional reports: East of England; London and the South East; North East England; Wales; West Midlands -- Final remarks -- References -- Appendices: appendix 1, letter of invitation; appendix 2, list of participants; appendix 3, extended literature review
520 ## - SUMMARY, ETC.
Summary, etc. Presents the results of research into the views of senior practitioners and planning and development leaders on whether the planning system will be able to maintain its role in a changing environment, which requires delivery on issues such as increased housing, the Community Infrastructure Levy and boosting economic development, and a lower carbon environment.
521 ## - TARGET AUDIENCE NOTE
Target audience note Advanced
590 ## - LOCAL NOTE (RLIN)
Local note KA
651 #4 - SUBJECT ADDED ENTRY--GEOGRAPHIC NAME
Geographic name England and Wales
Chronological subdivision 1543-
690 ## - LOCAL SUBJECT ADDED ENTRY--TOPICAL TERM (OCLC, RLIN)
Topical term or geographic name as entry element Planning and development
9 (RLIN) 6259
700 1# - ADDED ENTRY--PERSONAL NAME
Personal name Monk, Sarah
700 1# - ADDED ENTRY--PERSONAL NAME
Personal name Whitehead, Christine
942 ## - ADDED ENTRY ELEMENTS (KOHA)
Suppress in OPAC 0
Source of classification or shelving scheme Dewey Decimal Classification
Holdings
Withdrawn status Lost status Source of classification or shelving scheme Damaged status Not for loan Home library Current library Shelving location Date acquired Total Checkouts Full call number Date last seen Copy number Koha item type
    Dewey Decimal Classification     Archives Archives RICS Boxes 01/11/2023   RICS 2009/59 01/11/2023 1 Book